| Tag |
First Indicator |
Second Indicator |
Subfields |
| LEADER |
00000cas a22000005 4500 |
| 001 |
in00000567421 |
| 005 |
20151014062657.0 |
| 008 |
860116c19859999enkfrzp a 0uuu 0eng d |
| 022 |
|
|
|a 0268-2516
|
| 035 |
|
|
|a (OCoLC)13030487
|
| 035 |
|
|
|9 ACN2317AM
|
| 037 |
|
|
|b Institution of Mining and Metallurgy, 44 Portland Place, London WIN 4 BR England.
|
| 040 |
|
|
|a TXA
|c TXA
|d GZM
|d m/c
|d TXA
|d UtOrBLW
|
| 049 |
|
|
|a TXAE [Latest] [yrs:Ref]
|
| 090 |
|
|
|a TN1
|b .I52
|
| 245 |
0 |
0 |
|a Index, IMM abstracts.
|
| 246 |
1 |
3 |
|a IMM abstracts index.
|
| 264 |
|
1 |
|a London :
|b Institution of Mining and Metallurgy.
|
| 336 |
|
|
|a text
|b txt
|2 rdacontent
|
| 337 |
|
|
|a unmediated
|b n
|2 rdamedia
|
| 338 |
|
|
|a volume
|b nc
|2 rdacarrier
|
| 500 |
|
|
|a Description based on: Number 1, 1986.
|
| 500 |
|
|
|a Produced for use with IMM Abstracts.
|
| 650 |
|
0 |
|a Mineral industries
|x Abstracts
|x Indexes.
|
| 650 |
|
0 |
|a Metallurgy
|x Abstracts
|x Indexes.
|
| 710 |
2 |
|
|a Institution of Mining and Metallurgy (Great Britain)
|
| 999 |
|
|
|a MARS
|
| 999 |
f |
f |
|s d005d140-1f72-3fae-856a-ba36ad6228b2
|i fa52d6f9-f792-3108-b10b-af6577144cfc
|t 0
|
| 952 |
f |
f |
|p ric
|a Texas A&M University
|b Rellis Campus
|c Joint Library Facility
|d Remote Storage
|t 0
|e TN1 .I52
|h Library of Congress classification
|i unmediated -- volume
|k 1992
|m A14817003278
|
| 952 |
f |
f |
|p ric
|a Texas A&M University
|b Rellis Campus
|c Joint Library Facility
|d Remote Storage
|t 0
|e TN1 .I52
|h Library of Congress classification
|i unmediated -- volume
|k 1989:no.1
|m A14827301783
|
| 952 |
f |
f |
|p ric
|a Texas A&M University
|b Rellis Campus
|c Joint Library Facility
|d Remote Storage
|t 0
|e TN1 .I52
|h Library of Congress classification
|i unmediated -- volume
|k 1991
|m A14816063186
|
| 952 |
f |
f |
|p ric
|a Texas A&M University
|b Rellis Campus
|c Joint Library Facility
|d Remote Storage
|t 0
|e TN1 .I52
|h Library of Congress classification
|i unmediated -- volume
|k 1990:no.1
|m A14827301822
|
| 952 |
f |
f |
|p serial
|a Texas A&M University
|b College Station
|c Sterling C. Evans Library
|d Evans: Library Stacks
|t 0
|e TN1 .I52
|h Library of Congress classification
|i unmediated -- volume
|k 1986:no.1
|m A14812598781
|
| 998 |
f |
f |
|a TN1 .I52
|s 1991-1992
|t 0
|l Remote Storage
|